[Event "Syre Memorial op 31st"]
[Site "Issy les Moulineaux"]
[Date "2008.05.01"]
[Round "1"]
[White "Rousset, Nicolas"]
[Black "Doncea, Vladimir"]
[Result "1/2-1/2"]
[WhiteElo "2106"]
[BlackElo "2441"]
[PlyCount "115"]
[EventDate "2008.05.01"]
[EventType "swiss"]
[EventRounds "6"]
[EventCountry "FRA"]
[SourceTitle "EXT 2010"]
[Source "ChessBase"]
[SourceDate "2010.11.25"]
[SourceVersion "1"]
[SourceVersionDate "2010.11.25"]
[SourceQuality "1"]

1. e4 c5 2. Nf3 e6 3. d3 Nc6 4. g3 g6 5. Bg5 Qc7 6. Bg2 Bg7 7. c3 e5 8. 0-0 d6 9. Na3 Nge7 10. d4 exd4 11. Nb5 Qd8 12. cxd4 a6 13. Nc3 0-0 14. dxc5 dxc5 15. Nd5 f6 16. Be3 b6 17. Nxe7+ Nxe7 18. Qb3+ Kh8 19. Rad1 Qc7 20. Bf4 Qa7 21. e5 Bg4 22. h3 fxe5 23. Nxe5 c4 24. Qxc4 Rac8 25. Qb3 Bxd1 26. Rxd1 Rxf4 27. gxf4 Bxe5 28. fxe5 Ng8 29. Qe6 Qc7 30. Qd6 Qc2 31. Qd4 Kg7 32. Be4 Qe2 33. Qd7+ Kh6 34. Qd2+ Qxd2 35. Rxd2 Re8 36. f4 Rf8 37. Rf2 Ne7 38. Kh2 Nf5 39. Bxf5 Rxf5 40. Kg3 g5 41. fxg5+ Kxg5 42. Rxf5+ Kxf5 43. Kh4 Kxe5 44. Kg5 b5 45. h4 Ke6 46. Kh6 Kf5 47. Kxh7 Kg4 48. Kg6 Kxh4 49. Kf5 Kg3 50. Ke4 Kf2 51. Kd3 Ke1 52. b4 Kd1 53. Kc3 Kc1 54. a3 Kd1 55. Kd3 Kc1 56. Kc3 Kb1 57. Kb3 Ka1 58. a4 1/2-1/2

[Event "Syre Memorial op 29th"]
[Site "Issy les Moulineaux"]
[Date "2006.05.27"]
[Round "4"]
[White "Mayaud, Raphael"]
[Black "Rousset, Nicolas"]
[Result "1-0"]
[WhiteElo "2220"]
[BlackElo "2113"]
[PlyCount "66"]
[EventDate "2006.05.25"]
[EventType "swiss"]
[EventRounds "6"]
[EventCountry "FRA"]
[SourceTitle "EXT 2007"]
[Source "ChessBase"]
[SourceDate "2006.11.23"]
[SourceVersion "1"]
[SourceVersionDate "2006.11.23"]
[SourceQuality "1"]

1. e4 c5 2. Nc3 d6 3. g3 g6 4. Bg2 Bg7 5. Nge2 Nc6 6. 0-0 e5 7. a3 Nge7 8. b4 b6 9. d3 0-0 10. Rb1 Be6 11. Nd5 Rb8 12. h3 Qd7 13. Kh2 f5 14. f4 Nd4 15. c4 Bxd5 16. cxd5 a6 17. Be3 Rfc8 18. fxe5 dxe5 19. h4 h6 20. bxc5 bxc5 21. Nxd4 cxd4 22. Bd2 fxe4 23. dxe4 Rd8 24. Bh3 Qc7 25. Be6+ Kh8 26. Rxb8 Qxb8 27. Bb4 Nc8 28. Qg4 Kh7 29. h5 g5 30. Qf5+ Kh8 31. Qg6 Qb5 32. Rf2 Nd6 33. Bxd6 Rxd6 1-0

[Event "IECG C1.2001.0.00340"]
[Site "IECG email"]
[Date "2001.02.18"]
[Round "?"]
[White "Mego, Peter"]
[Black "Rousset, Nicolas"]
[Result "1-0"]
[WhiteElo "1932"]
[BlackElo "1930"]
[PlyCount "23"]
[EventDate "2001.02.18"]
[EventType "tourn (corr)"]
[EventRounds "6"]
[SourceTitle "Corr 2008"]
[Source "ChessBase"]
[SourceDate "2008.06.24"]
[SourceVersion "1"]
[SourceVersionDate "2008.06.24"]
[SourceQuality "1"]

1. d4 Nf6 2. Nf3 g6 3. g3 Bg7 4. Bg2 0-0 5. 0-0 d6 6. Nbd2 Nc6 7. c3 d5 8. Re1 Bg4 9. Qb3 b6 10. Ne5 Na5 11. Qa4 Be6 12. b4 1-0

[Event "IECG C1.2001.0.00340"]
[Site "IECG email"]
[Date "2001.02.18"]
[Round "?"]
[White "Rousset, Nicolas"]
[Black "McAndrew, Harry"]
[Result "0-1"]
[WhiteElo "1930"]
[BlackElo "1967"]
[PlyCount "36"]
[EventDate "2001.02.18"]
[EventType "tourn (corr)"]
[EventRounds "6"]
[SourceTitle "Corr 2008"]
[Source "ChessBase"]
[SourceDate "2008.06.24"]
[SourceVersion "1"]
[SourceVersionDate "2008.06.24"]
[SourceQuality "1"]

1. e4 c5 2. Nf3 d6 3. d4 cxd4 4. Nxd4 Nf6 5. Nc3 a6 6. Bg5 e6 7. f4 Qb6 8. Qd2 Qxb2 9. Rb1 Qa3 10. f5 Nc6 11. fxe6 fxe6 12. Nxc6 bxc6 13. e5 Nd5 14. Nxd5 cxd5 15. Be2 dxe5 16. Rf1 Bd6 17. Rb3 Qc5 18. Qd3 g6 0-1